[Event "ICS rated blitz match"]
[Site "204.178.125.65"]
[Date "2000.06.27"]
[Round "?"]
[White "Sjeng"]
[Black "Hossa"]
[Result "0-1"]
[WhiteElo "2348"]
[BlackElo "2410"]
[PlyCount "154"]
[EventDate "2000.??.??"]

1. d4 Na6 2. e3 d5 3. Bxa6 bxa6 4. Nf3 Nf6 5. O-O g6 6. c4 Bg7 7. cxd5 O-O 8.
Nc3 Nxd5 9. Nxd5 Qxd5 10. Qc2 Bg4 11. Qxc7 Bxf3 12. gxf3 Qxf3 13. Qg3 Qf5 14.
Bd2 Rab8 15. b4 a5 16. bxa5 Qc2 17. Rad1 Rfd8 18. a3 Rb2 19. Bb4 e5 20. d5 Qc4
21. d6 Rc2 22. Qg5 Rd7 23. Qg3 f5 24. f4 exf4 25. exf4 Bd4+ 26. Kh1 Kg7 27. Qd3
Qd5+ 28. Rf3 Rf2 29. Rf1 Rxf1+ 30. Qxf1 Bc5 31. Bxc5 Qxc5 32. Qa1+ Kf7 33. Qh8
Qxd6 34. Qxh7+ Kf6 35. Qh8+ Kf7 36. Kg2 Qd2+ 37. Kh3 Qd1 38. Qc3 Qg1 39. Qb3+
Kf8 40. Qb8+ Kf7 41. Rg3 Qf1+ 42. Kh4 Qe2 43. Qb3+ Kg7 44. Qc3+ Kh7 45. Kg5
Qh5+ 46. Kf6 Qh4+ 47. Rg5 Qxh2 48. Qb4 Rc7 49. Ke5 Qe2+ 50. Kd6 Qe7+ 51. Kd5
Qd8+ 52. Qd6 Qa8+ 53. Ke5 Qe8+ 54. Qe6 Rc5+ 55. Kd4 Qxe6 56. Kxc5 Qe3+ 57. Kb5
Qe2+ 58. Kc6 Qf3+ 59. Kb5 Qf1+ 60. Kc6 Qxf4 61. Rg1 Qf3+ 62. Kc7 Qxa3 63. Rb1
Qxa5+ 64. Kb8 Qb6+ 65. Rxb6 axb6 66. Kc7 f4 67. Kxb6 g5 68. Kc5 f3 69. Kd5 f2
70. Ke4 g4 71. Kf4 f1=Q+ 72. Kxg4 Kg7 73. Kg3 Kf6 74. Kg4 Qf2 75. Kh3 Qg1 76.
Kh4 Qg2 77. Kh5 Qh3# {Sjeng checkmated} 0-1

[Event "ICS rated standard match"]
[Site "204.178.125.65"]
[Date "2000.06.27"]
[Round "?"]
[White "Amy"]
[Black "Hossa"]
[Result "1-0"]
[WhiteElo "2447"]
[BlackElo "2317"]
[PlyCount "101"]
[EventDate "2000.??.??"]

1. e4 g6 2. d4 Bg7 3. c4 d6 4. Nc3 e5 5. dxe5 Bxe5 6. Nf3 Bxc3+ 7. bxc3 Bg4 8.
Be2 Nc6 9. Bg5 f6 10. Bf4 Qe7 11. Nd2 Bxe2 12. Qxe2 O-O-O 13. O-O f5 14. Rae1
Nf6 15. exf5 Qxe2 16. Rxe2 gxf5 17. Bg5 Rde8 18. Rxe8+ Nxe8 19. Re1 Ne5 20. f4
Nd3 21. Re7 a5 22. Nb3 Nb2 23. Nxa5 Nd1 24. Nb3 d5 25. cxd5 Nxc3 26. Re5 Nd6
27. Nd4 Nxa2 28. Bf6 Rg8 29. Nxf5 Nxf5 30. Rxf5 Rf8 31. g4 Nb4 32. g5 Rf7 33.
h4 Rd7 34. h5 Nxd5 35. Be5 Rd8 36. Rf7 Re8 37. Rxh7 c5 38. g6 Rg8 39. Rf7 Kd8
40. Rxb7 Ne7 41. Bf6 c4 42. Rxe7 Kc8 43. g7 c3 44. h6 c2 45. Bb2 Kd8 46. Ra7
Re8 47. h7 Re1+ 48. Kf2 c1=Q 49. h8=Q+ Re8 50. Bf6+ Kc8 51. Qxe8# {
Hossa checkmated} 1-0

[Event "ICS rated standard match"]
[Site "204.178.125.65"]
[Date "2000.06.27"]
[Round "?"]
[White "Hossa"]
[Black "ULTRAMODERNIST"]
[Result "1-0"]
[WhiteElo "2307"]
[BlackElo "2122"]
[PlyCount "92"]
[EventDate "2000.??.??"]

1. Nf3 Nf6 2. b3 b6 3. Nc3 Bb7 4. Ba3 g6 5. e3 Bg7 6. Bc4 O-O 7. O-O d6 8. Ng5
Nbd7 9. d4 a6 10. Be2 h6 11. Nf3 c5 12. Bb2 b5 13. dxc5 Nxc5 14. b4 Ncd7 15.
Qc1 Rc8 16. a4 bxa4 17. Rxa4 Nb6 18. Ra2 Nc4 19. Ba1 Qb6 20. Qe1 e5 21. Na4 Qc6
22. Nb2 Nxb2 23. Rxb2 Ne4 24. c4 d5 25. c5 d4 26. Rb1 Rfd8 27. Rd1 Ng5 28. h4
d3 29. hxg5 dxe2 30. Rxd8+ Rxd8 31. Qxe2 hxg5 32. Qc4 Bf6 33. Bb2 Kg7 34. Qg4
Qe4 35. Qxe4 Bxe4 36. Bxe5 Bxf3 37. Bxf6+ Kxf6 38. gxf3 Rb8 39. Rb1 Ke5 40. Kf1
Rb5 41. Ra1 Rxb4 42. Rxa6 Rc4 43. Rc6 Kd5 44. Rf6 Kxc5 45. Rxf7 Kd5 46. Rf6 g4
1-0

[Event "ICS rated bullet match"]
[Site "204.178.125.65"]
[Date "2000.06.27"]
[Round "?"]
[White "Hossa"]
[Black "OldPhoenix"]
[Result "1-0"]
[WhiteElo "2551"]
[BlackElo "1298"]
[PlyCount "29"]
[EventDate "2000.??.??"]

1. Nf3 d5 2. e3 Nf6 3. c4 dxc4 4. Bxc4 e6 5. O-O Be7 6. d4 O-O 7. Nc3 Nbd7 8.
e4 Nb6 9. Bb3 Bd7 10. Ne5 Rc8 11. Be3 c5 12. dxc5 Bxc5 13. Bg5 h6 14. Bxf6 Qxf6
15. Nxd7 {OldPhoenix resigns} 1-0

[Event "ICS rated bullet match"]
[Site "204.178.125.65"]
[Date "2000.06.27"]
[Round "?"]
[White "WhiteKnight"]
[Black "Hossa"]
[Result "0-1"]
[WhiteElo "1946"]
[BlackElo "2551"]
[PlyCount "24"]
[EventDate "2000.??.??"]

1. e4 g6 2. d4 Bg7 3. Be3 Nf6 4. f3 O-O 5. Qd3 Nc6 6. c4 e5 7. d5 Nb4 8. Qd2 a5
9. a3 Na6 10. Bh6 Nxe4 11. f4 Nxd2 12. Kxd2 Bxh6 {WhiteKnight resigns} 0-1

[Event "ICS rated bullet match"]
[Site "204.178.125.65"]
[Date "2000.06.27"]
[Round "?"]
[White "ParalyseCabbage"]
[Black "Hossa"]
[Result "0-1"]
[WhiteElo "1880"]
[BlackElo "2556"]
[PlyCount "50"]
[EventDate "2000.??.??"]

1. g4 e5 2. Bg2 Qh4 3. h3 Bc5 4. e3 Qd8 5. Nf3 e4 6. Ng1 Nf6 7. Ne2 O-O 8. d4
exd3 9. cxd3 Nc6 10. d4 Bb6 11. Nbc3 d6 12. Bd2 Qe7 13. a3 Bd7 14. Qc2 Ba5 15.
O-O Bb6 16. Nf4 a6 17. Nfd5 Nxd5 18. Nxd5 Qh4 19. Nxb6 cxb6 20. Qb3 b5 21. f3
Rac8 22. Be1 Qe7 23. Bg3 Rfe8 24. Rfe1 Na5 25. Qc2 Rxc2 0-1

[Event "ICS rated bullet match"]
[Site "204.178.125.65"]
[Date "2000.06.27"]
[Round "?"]
[White "Hossa"]
[Black "ParalyseCabbage"]
[Result "1-0"]
[WhiteElo "2557"]
[BlackElo "1879"]
[PlyCount "79"]
[EventDate "2000.??.??"]

1. Nf3 d5 2. e3 e6 3. d4 c6 4. Bd3 Nd7 5. O-O Ngf6 6. Nbd2 Be7 7. c4 O-O 8. Qc2
dxc4 9. Nxc4 Nb6 10. Nxb6 axb6 11. e4 h6 12. Bd2 b5 13. e5 Nd5 14. Rfd1 Qb6 15.
Bh7+ Kh8 16. Be4 Nb4 17. Bxb4 Bxb4 18. Rd3 Rd8 19. Rb3 Qa5 20. a3 Be7 21. Re3
Qa4 22. b3 Qa7 23. a4 Rxd4 24. Nxd4 Qxd4 25. Rd1 Qxe5 26. Bxc6 Qxe3 27. fxe3
bxc6 28. Qxc6 bxa4 29. Qxa8 axb3 30. Qxc8+ Kh7 31. Rb1 b2 32. Rxb2 Bf6 33. Rb7
Kg6 34. Qc2+ Kh5 35. Rb5+ g5 36. g4+ Kxg4 37. Qe2+ Kh4 38. Rb4+ Bd4 39. Rxd4+
Kh3 40. Qf3# 1-0

[Event "ICS rated bullet match"]
[Site "204.178.125.65"]
[Date "2000.06.27"]
[Round "?"]
[White "OBEESPUN-ONE"]
[Black "Hossa"]
[Result "0-1"]
[WhiteElo "1700"]
[BlackElo "2562"]
[PlyCount "58"]
[EventDate "2000.??.??"]

1. f4 d5 2. e3 Nf6 3. Nf3 Bf5 4. Be2 Nc6 5. O-O d4 6. d3 dxe3 7. Bxe3 Nd5 8.
Bf2 Nxf4 9. Nc3 Qd7 10. Ne4 Bxe4 11. dxe4 O-O-O 12. Qxd7+ Rxd7 13. Bb5 a6 14.
Bxc6 Ne2+ 15. Kh1 bxc6 16. Ne5 Rd2 17. Nxf7 Rg8 18. e5 Rxc2 19. e6 Rxb2 20.
Rfe1 Nf4 21. Rec1 Rxf2 22. Rxc6 Nxe6 23. Ne5 Nd4 24. Rc4 Re2 25. Rac1 Rxe5 26.
Rxc7+ Kd8 27. Rc8+ Kd7 28. R1c7+ Ke6 29. Ra7 Re1# 0-1

[Event "ICS rated bullet match"]
[Site "204.178.125.65"]
[Date "2000.06.27"]
[Round "?"]
[White "square1"]
[Black "Hossa"]
[Result "0-1"]
[WhiteElo "1418"]
[BlackElo "2562"]
[PlyCount "39"]
[EventDate "2000.??.??"]

1. e4 g6 2. Nf3 Bg7 3. d4 d6 4. Be2 Nf6 5. O-O Nxe4 6. c3 O-O 7. Be3 Bf5 8.
Nbd2 Nd7 9. Nxe4 Bxe4 10. Rc1 e5 11. Bd3 Bd5 12. c4 Bxf3 13. Qxf3 exd4 14. Bf4
Nc5 15. Bb1 a5 16. b3 Re8 17. Bc2 Qh4 18. Bd3 Nxd3 19. Bg3 Qe4 20. Qxd3 {
square1 resigns} 0-1

[Event "ICS rated bullet match"]
[Site "204.178.125.65"]
[Date "2000.06.27"]
[Round "?"]
[White "Hossa"]
[Black "square1"]
[Result "1-0"]
[WhiteElo "2562"]
[BlackElo "1418"]
[PlyCount "55"]
[EventDate "2000.??.??"]

1. Nf3 c5 2. e4 d6 3. d4 cxd4 4. Nxd4 Nf6 5. Nc3 a6 6. Be2 e5 7. Nf3 Be6 8. Ng5
Qc7 9. O-O Be7 10. Nxe6 fxe6 11. Bh5+ g6 12. Bg4 O-O 13. Bxe6+ Kg7 14. Bg5 Nc6
15. Qd2 Nd4 16. Bh6+ Kh8 17. Bxf8 Rxf8 18. Bd5 Kg7 19. Rad1 Nb5 20. Nxb5 axb5
21. Qe2 b6 22. c3 b4 23. cxb4 Qa7 24. Qd3 Qc7 25. Rc1 Qa7 26. Rc6 Qa4 27. Rxb6
Qxa2 28. Bxa2 {square1 resigns} 1-0

[Event "ICS rated bullet match"]
[Site "204.178.125.65"]
[Date "2000.06.27"]
[Round "?"]
[White "square1"]
[Black "Hossa"]
[Result "0-1"]
[WhiteElo "1418"]
[BlackElo "2562"]
[PlyCount "34"]
[EventDate "2000.??.??"]

1. e4 g6 2. Nc3 c6 3. d4 d5 4. exd5 cxd5 5. Nf3 Nf6 6. Be2 Bg7 7. O-O O-O 8. h3
Nc6 9. Be3 Bf5 10. Qd2 Qc7 11. Rac1 Qb6 12. b3 Rac8 13. a3 Qa5 14. Nb1 Qc7 15.
a4 Ne4 16. Qd1 Qd7 17. Qd2 Nxd2 {square1 resigns} 0-1

[Event "ICS rated blitz match"]
[Site "204.178.125.65"]
[Date "2000.06.27"]
[Round "?"]
[White "Hossa"]
[Black "JZInsomniac"]
[Result "0-1"]
[WhiteElo "2423"]
[BlackElo "2747"]
[PlyCount "66"]
[EventDate "2000.??.??"]

1. Nf3 d5 2. e3 e6 3. d4 Nf6 4. Bd3 c5 5. O-O Nc6 6. Nc3 c4 7. Be2 Bb4 8. Bd2
O-O 9. Ne5 Nxe5 10. dxe5 Nd7 11. f4 Bc5 12. Na4 Be7 13. a3 b5 14. Nc3 Qb6 15.
Bf3 Bb7 16. Qe2 a5 17. Rfd1 b4 18. Nb1 f6 19. exf6 Bxf6 20. axb4 axb4 21. Rxa8
Rxa8 22. Qe1 Be7 23. Bc1 Ra2 24. Bg4 Nc5 25. Bh5 Bf6 26. Qe2 c3 27. bxc3 b3 28.
Re1 bxc2 29. Nd2 Bxc3 30. Be8 Ba6 31. Qh5 Qc7 32. f5 Nd3 33. Ba4 Qe7 {
Hossa resigns} 0-1

[Event "ICS rated standard match"]
[Site "204.178.125.65"]
[Date "2000.06.27"]
[Round "?"]
[White "Hossa"]
[Black "MissSilicon"]
[Result "0-1"]
[WhiteElo "2311"]
[BlackElo "2402"]
[PlyCount "87"]
[EventDate "2000.??.??"]

1. Nf3 d5 2. e3 e6 3. d4 c5 4. Be2 Nf6 5. O-O Nc6 6. Nc3 Be7 7. Bd2 O-O 8. Bb5
a6 9. Bxc6 bxc6 10. Na4 cxd4 11. exd4 Ne4 12. Qe1 a5 13. Ne5 Bd6 14. f3 Nxd2
15. Qxd2 Qc7 16. f4 Ba6 17. Rf2 Rab8 18. Qe3 Rfe8 19. Qc3 f6 20. Nxc6 Rb5 21.
Nxa5 Qxa5 22. Qxa5 Rxa5 23. b3 e5 24. fxe5 fxe5 25. c3 e4 26. Nb6 e3 27. Rf5 e2
28. Re1 Rxa2 29. Nxd5 Ra1 30. Kf2 Rxe1 31. Kxe1 Rb8 32. b4 Bc4 33. Ne3 Bd3 34.
Rf2 Bxh2 35. Rxe2 Re8 36. Ra2 Bf4 37. Kf2 Bxe3+ 38. Kg3 Rc8 39. Kf3 Bh6 40. Kf2
Rxc3 41. Ra8+ Kf7 42. Ra7+ Kf6 43. Ra1 Rb3 44. d5 {Hossa resigns} 0-1

[Event "ICS Rated standard match"]
[Site "204.178.125.65"]
[Date "2000.06.27"]
[Round "?"]
[White "Hossa"]
[Black "QueenMaxima"]
[Result "0-1"]
[WhiteElo "2299"]
[BlackElo "2372"]
[PlyCount "102"]
[EventDate "2000.??.??"]

1. d4 Nf6 2. c4 e6 3. Nf3 b6 4. e3 Bb7 5. Bd3 Be7 6. Nc3 d5 7. cxd5 exd5 8. Bd2
O-O 9. Qc2 Na6 10. a3 c5 11. O-O Nc7 12. Ng5 h6 13. Nh7 cxd4 14. exd4 Re8 15.
Nxf6+ Bxf6 16. Be3 Rc8 17. Bh7+ Kh8 18. Bf5 Ne6 19. Qd3 Rc4 20. Ne2 Ba6 21.
Rfe1 Nc7 22. Qd2 Rc6 23. Nf4 Bh4 24. Rec1 Rc4 25. Rc3 Rxc3 26. bxc3 Bg5 27. Rd1
Qf6 28. Bb1 Kg8 29. Nh5 Qe7 30. Bxg5 Qxg5 31. Qxg5 hxg5 32. Rc1 Bc4 33. Bc2 Nb5
34. Ba4 Nxc3 35. Bxe8 Ne2+ 36. Kh1 Nxc1 37. Ng3 g6 38. Ba4 f5 39. Bd7 Kf7 40.
Kg1 Ke7 41. Bc8 Kd6 42. h3 Nb3 43. f4 gxf4 44. Nxf5+ gxf5 45. h4 Nxd4 46. h5
Ke5 47. Bd7 Kf6 48. Kf2 Kg5 49. Be8 Nc2 50. a4 d4 51. h6 Kxh6 {Hossa resigns}
0-1

[Event "ICS rated standard match"]
[Site "204.178.125.65"]
[Date "2000.06.27"]
[Round "?"]
[White "Amy"]
[Black "Hossa"]
[Result "1-0"]
[WhiteElo "2432"]
[BlackElo "2286"]
[PlyCount "65"]
[EventDate "2000.??.??"]

1. e4 e5 2. Nf3 Nc6 3. Nc3 Nf6 4. d4 exd4 5. Nxd4 Bb4 6. Nxc6 bxc6 7. Bd3 d5 8.
exd5 cxd5 9. O-O O-O 10. Bg5 c6 11. Na4 Re8 12. c4 h6 13. Bh4 Qd6 14. a3 Ba5
15. Bg3 Qe7 16. cxd5 cxd5 17. b4 Bc7 18. Re1 Qxe1+ 19. Qxe1 Rxe1+ 20. Rxe1 Bxg3
21. hxg3 Bd7 22. Nc5 g6 23. f3 Rd8 24. Kf2 Be8 25. Re7 Ra8 26. Ke3 Kf8 27. Rc7
Kg7 28. Kd4 a5 29. b5 Rb8 30. Rb7 Ra8 31. b6 Nh5 32. Rc7 Rb8 33. b7 {
Hossa resigns} 1-0

[Event "ICS rated blitz match"]
[Site "204.178.125.65"]
[Date "2000.06.27"]
[Round "?"]
[White "StrongBach"]
[Black "Hossa"]
[Result "0-1"]
[WhiteElo "1923"]
[BlackElo "2419"]
[PlyCount "74"]
[EventDate "2000.??.??"]

1. e3 g6 2. Nf3 Bg7 3. Bb5 Nf6 4. O-O O-O 5. Qe1 d5 6. Nd4 a6 7. Be2 c5 8. Nf3
Nc6 9. b3 e5 10. Bb2 e4 11. Ne5 Nxe5 12. Bxe5 Re8 13. Bb2 Qc7 14. Qd1 Ng4 15.
Bxg4 Bxb2 16. Bxc8 Bxa1 17. Bg4 h5 18. Bh3 Be5 19. f4 exf3 20. Qxf3 Bxh2+ 21.
Kf2 d4 22. g3 Bxg3+ 23. Qxg3 dxe3+ 24. dxe3 Qxg3+ 25. Kxg3 Rxe3+ 26. Kg2 Rd8
27. Rc1 Kg7 28. a4 Re2+ 29. Kf3 Rde8 30. Bd7 R8e3+ 31. Kf4 Kf6 32. Rg1 g5+ 33.
Rxg5 Re4+ 34. Kg3 Kxg5 35. Bc6 h4+ 36. Kh3 R4e3+ 37. Bf3 Rxf3# 0-1

[Event "ICS rated blitz match"]
[Site "204.178.125.65"]
[Date "2000.06.27"]
[Round "?"]
[White "Hossa"]
[Black "StrongBach"]
[Result "1-0"]
[WhiteElo "2421"]
[BlackElo "1944"]
[PlyCount "89"]
[EventDate "2000.??.??"]

1. e4 e6 2. Nf3 Bd6 3. e5 Bb4 4. c3 Be7 5. d4 Nc6 6. Bb5 a6 7. Ba4 b5 8. Bc2
Rb8 9. O-O Na5 10. Nbd2 h5 11. b4 Nb7 12. a4 a5 13. bxa5 Nxa5 14. axb5 Nb7 15.
Ra7 Nh6 16. Nc4 Nf5 17. Bxf5 exf5 18. Ne3 f4 19. Nd5 g5 20. Ba3 Bxa3 21. Nf6+
Kf8 22. Rxa3 g4 23. Ng5 Qe7 24. Qa4 Kg7 25. Qa7 d5 26. Nxd5 Qf8 27. Nxc7 Bf5
28. Ra6 Qc8 29. Rf6 Qxc7 30. Rxf7+ Qxf7 31. Nxf7 Kxf7 32. Rc1 Rhd8 33. c4 Kg7
34. d5 Kf8 35. Qd4 Ke8 36. Qxf4 Bg6 37. Qf6 Bd3 38. d6 Nxd6 39. exd6 Rxd6 40.
Re1+ Kd7 41. Qf7+ Kc8 42. Re8+ Rd8 43. Qe6+ Kb7 44. Qc6+ Ka7 45. Qa6# 1-0

[Event "ICS rated blitz match"]
[Site "204.178.125.65"]
[Date "2000.06.27"]
[Round "?"]
[White "StrongBach"]
[Black "Hossa"]
[Result "0-1"]
[WhiteElo "1950"]
[BlackElo "2423"]
[PlyCount "74"]
[EventDate "2000.??.??"]

1. d4 Na6 2. e3 d5 3. Bxa6 bxa6 4. Bd2 Nf6 5. Ne2 Rb8 6. b4 g6 7. h3 Bg7 8. Na3
O-O 9. O-O a5 10. bxa5 Ba6 11. Re1 c6 12. Ng3 Qd6 13. Nb1 Rb2 14. Nc3 Rb7 15.
Na4 Nd7 16. Rb1 Rfb8 17. Rxb7 Rxb7 18. Ne2 Qc7 19. Qa1 Rb8 20. Nb2 c5 21. Nd1
cxd4 22. Nxd4 e5 23. Nf3 Qxc2 24. Nc3 e4 25. Qd1 Rb2 26. Na4 Rxa2 27. Qxc2 Rxc2
28. Rd1 exf3 29. Kh2 Be2 30. Rb1 Rxd2 31. Rb7 Be5+ 32. g3 Ba6 33. Rxd7 Rxf2+
34. Kh1 Bxg3 35. Rd8+ Kg7 36. Rg8+ Kxg8 37. Nc3 Rf1# 0-1

[Event "ICS rated blitz match"]
[Site "204.178.125.65"]
[Date "2000.06.27"]
[Round "?"]
[White "Hossa"]
[Black "letsgetiton"]
[Result "1-0"]
[WhiteElo "2425"]
[BlackElo "1825"]
[PlyCount "31"]
[EventDate "2000.??.??"]

1. Nf3 e6 2. g3 d5 3. Bg2 c6 4. O-O f5 5. d4 Nf6 6. c4 Bd6 7. Nc3 O-O 8. cxd5
exd5 9. Bg5 Nbd7 10. Qc2 h6 11. Qxf5 hxg5 12. Qe6+ Kh8 13. Qxd6 g4 14. Ng5 Nb6
15. Nf7+ Rxf7 16. Qxd8+ {letsgetiton resigns} 1-0

[Event "ICS rated blitz match"]
[Site "204.178.125.65"]
[Date "2000.06.27"]
[Round "?"]
[White "letsgetiton"]
[Black "Hossa"]
[Result "0-1"]
[WhiteElo "1824"]
[BlackElo "2426"]
[PlyCount "64"]
[EventDate "2000.??.??"]

1. d4 Na6 2. e3 d5 3. f4 Nf6 4. Nf3 Nb4 5. c3 Nc6 6. Bd3 Bg4 7. Nbd2 Qd7 8. O-O
O-O-O 9. Qa4 Kb8 10. c4 Nxd4 11. Qxd7 Nxf3+ 12. gxf3 Bxd7 13. cxd5 Nxd5 14. Nc4
Nb4 15. Bb1 Be6 16. Ne5 f6 17. Ng4 Bc4 18. Re1 e6 19. a3 Nd3 20. Bxd3 Bxd3 21.
b4 a5 22. bxa5 Bc5 23. Bb2 Bb5 24. Rad1 Rxd1 25. Rxd1 h5 26. Nf2 Bxe3 27. Kg2
Bxf4 28. Bc3 Rc8 29. Bb4 c5 30. Bc3 Ka7 31. Ne4 Ba4 32. Rd7 Bxd7 {
letsgetiton resigns} 0-1

[Event "ICS rated bullet match"]
[Site "204.178.125.65"]
[Date "2000.06.27"]
[Round "?"]
[White "harimau"]
[Black "Hossa"]
[Result "1-0"]
[WhiteElo "2813"]
[BlackElo "2562"]
[PlyCount "71"]
[EventDate "2000.??.??"]

1. e4 g6 2. d4 Bg7 3. Nc3 d6 4. Nf3 a6 5. Be2 Nf6 6. e5 dxe5 7. dxe5 Nfd7 8. e6
fxe6 9. Ng5 Bxc3+ 10. bxc3 Ne5 11. Qxd8+ Kxd8 12. Bb2 Nbc6 13. c4 h6 14. O-O-O+
Ke8 15. Nf3 Nf7 16. Bxh8 Nxh8 17. Rhe1 Kf7 18. Nd4 Bd7 19. Nb5 Ne5 20. Nxc7 Rc8
21. Nxa6 bxa6 22. Bf1 Ng4 23. Rxd7 Nxf2 24. Ra7 Rc6 25. Be2 e5 26. Rf1 Rf6 27.
c5 Rf4 28. c6 Ke6 29. c7 Kd7 30. Bxa6 Nd3+ 31. Kd2 Rxf1 32. c8=Q+ Kd6 33. Qd7+
Kc5 34. Rc7+ Kb6 35. Qc6+ Ka5 36. Qb5# {Hossa checkmated} 1-0

[Event "ICS rated bullet match"]
[Site "204.178.125.65"]
[Date "2000.06.27"]
[Round "?"]
[White "Hossa"]
[Black "harimau"]
[Result "0-1"]
[WhiteElo "2556"]
[BlackElo "2819"]
[PlyCount "168"]
[EventDate "2000.??.??"]

1. e4 e5 2. Nf3 Nc6 3. Nc3 Nf6 4. Bb5 Nd4 5. Nxd4 exd4 6. Nd5 Nxd5 7. exd5 Qe7+
8. Qe2 a6 9. Qxe7+ Bxe7 10. Be2 b6 11. O-O Bb7 12. Bf3 O-O-O 13. d3 Bd6 14. Bd2
f6 15. Rfe1 c6 16. dxc6 dxc6 17. Re4 c5 18. Bg4+ Kc7 19. Ree1 g6 20. Be6 Be5
21. f4 Bd6 22. Re2 Rhe8 23. Rae1 Re7 24. Bc4 Rxe2 25. Rxe2 Kd7 26. Bf7 Rf8 27.
Bb3 f5 28. Kf1 Rd8 29. Bf7 Kc7 30. Bc4 Ra8 31. Re1 Kd7 32. Kf2 Re8 33. Rxe8
Kxe8 34. Kg3 h5 35. h4 Ke7 36. a3 Bc7 37. b4 Bd6 38. bxc5 Bxc5 39. a4 Bc6 40.
Bb3 Ba3 41. c4 dxc3 42. Bxc3 Bd6 43. Bd4 b5 44. axb5 Bxb5 45. Bc4 Bxc4 46. dxc4
Kd7 47. Bc3 Kc6 48. Bd4 Bc5 49. Bc3 Bb6 50. Bb4 a5 51. Be7 Bc5 52. Bf6 Bb4 53.
Bd4 a4 54. Kf3 a3 55. Ke2 Bc5 56. Bc3 Bd6 57. g3 a2 58. Bd4 Bc5 59. Be5 Bb4 60.
Bd4 Ba5 61. Bf6 Kc5 62. Kd1 Kxc4 63. Kc2 Bb6 64. Kb2 Bd4+ 65. Bxd4 Kxd4 66.
Kxa2 Ke4 67. Kb3 Kf3 68. Kc4 Kxg3 69. Kd3 Kxh4 70. Ke2 g5 71. Kf3 g4+ 72. Kg2
g3 73. Kg1 Kh3 74. Kf1 g2+ 75. Kg1 h4 76. Kf2 Kh2 77. Kf3 h3 78. Ke3 g1=Q+ 79.
Kd3 Kg3 80. Kc4 h2 81. Kb4 h1=Q 82. Kc4 Qc1+ 83. Kb5 Qhc6+ 84. Ka5 Q1c5# {
Hossa checkmated} 0-1

[Event "ICS rated bullet match"]
[Site "204.178.125.65"]
[Date "2000.06.27"]
[Round "?"]
[White "harimau"]
[Black "Hossa"]
[Result "1-0"]
[WhiteElo "2825"]
[BlackElo "2550"]
[PlyCount "85"]
[EventDate "2000.??.??"]

1. e4 g6 2. d4 Bg7 3. Nc3 d6 4. f4 a6 5. Nf3 b5 6. Bd3 Nd7 7. a4 bxa4 8. Rxa4
c5 9. d5 Bxc3+ 10. bxc3 Nb6 11. Ra3 c4 12. Be2 Nf6 13. Qd4 O-O 14. O-O e6 15.
Be3 exd5 16. Qxb6 dxe4 17. Qxd8 Rxd8 18. Nd4 Nd5 19. Bd2 Nf6 20. f5 gxf5 21.
Bg5 Kg7 22. Nxf5+ Bxf5 23. Rxf5 Kg6 24. g4 Nxg4 25. Bxg4 f6 26. Be3 d5 27. Ra5
Rg8 28. Rf4 h5 29. Be6 Rad8 30. Bxg8 Rxg8 31. Rxd5 Kf7+ 32. Kf2 Rg4 33. Rxh5
Rxf4+ 34. Bxf4 Kg6 35. Ra5 f5 36. Rxa6+ Kf7 37. h4 Ke7 38. h5 Kf7 39. h6 Kf8
40. Ra7 Ke8 41. h7 e3+ 42. Ke1 Kf8 43. h8=Q# {Hossa checkmated} 1-0

[Event "ICS rated bullet match"]
[Site "204.178.125.65"]
[Date "2000.06.27"]
[Round "?"]
[White "Hossa"]
[Black "harimau"]
[Result "0-1"]
[WhiteElo "2545"]
[BlackElo "2830"]
[PlyCount "116"]
[EventDate "2000.??.??"]

1. e4 e5 2. Nf3 Nc6 3. Nc3 Nf6 4. Bb5 Bb4 5. Qe2 a6 6. Bxc6 dxc6 7. Nxe5 O-O 8.
O-O Qe8 9. d4 c5 10. Bg5 cxd4 11. Bxf6 dxc3 12. Nd3 cxb2 13. Bxb2 Bd6 14. Rfd1
Qa4 15. Be5 Bxe5 16. Nxe5 Be6 17. a3 Rad8 18. Nd3 Bc4 19. Rd2 Rfe8 20. f3 f5
21. e5 Bxd3 22. Rxd3 Rxd3 23. Qxd3 Rxe5 24. Rd1 Qc6 25. Qb3+ Kf8 26. Rd8+ Re8
27. Rd5 g6 28. f4 Re4 29. g3 Re1+ 30. Kf2 Rh1 31. Kg2 Rc1 32. Kh3 Rxc2 33. Qb4+
Kf7 34. Rd2 Rxd2 35. Qxd2 b5 36. Qd4 h5 37. Qd2 Qd6 38. Qa2+ Ke7 39. Qb2 c5 40.
Qg7+ Kd8 41. Kg2 c4 42. Qc3 Kd7 43. h4 Ke6 44. Kh3 Qc6 45. Qe3+ Kf7 46. Qa7+
Ke8 47. Qb8+ Kd7 48. Kh2 c3 49. Qg8 c2 50. Qf7+ Kc8 51. Qf8+ Kb7 52. Qg7+ Qc7
53. Qxg6 c1=Q 54. Qxf5 Q7c6 55. Qh7+ Kb6 56. Qe4 Qxe4 57. g4 Qexf4+ 58. Kg2
Qcf1# {Hossa checkmated} 0-1

[Event "ICS rated bullet match"]
[Site "204.178.125.65"]
[Date "2000.06.27"]
[Round "?"]
[White "harimau"]
[Black "Hossa"]
[Result "1-0"]
[WhiteElo "2835"]
[BlackElo "2540"]
[PlyCount "75"]
[EventDate "2000.??.??"]

1. d4 Na6 2. a3 Nf6 3. Nf3 e6 4. Bf4 Be7 5. e3 O-O 6. h3 Nd5 7. Bg3 b6 8. e4
Nf6 9. Nfd2 d6 10. e5 dxe5 11. dxe5 Nd7 12. Qf3 Rb8 13. Nc3 Nac5 14. b4 Bg5 15.
Qd1 Nb7 16. Nf3 Be7 17. Nd4 Ra8 18. Nc6 Qe8 19. Nb5 Nb8 20. Ncxa7 Qd8 21. Qf3
Qd5 22. Qf4 g5 23. Qe3 Qd8 24. Bd3 h6 25. Qe4 f5 26. exf6 Rxf6 27. Nxc8 Bxb4+
28. Ke2 Qxc8 29. Qh7+ Kf8 30. Qh8+ Ke7 31. Qxc8 Nc5 32. axb4 Rxa1 33. bxc5 Rxh1
34. Qxc7+ Nd7 35. Bd6+ Ke8 36. Qc8+ Kf7 37. Qxd7+ Kg8 38. Qh7# {
Hossa checkmated} 1-0

[Event "ICS rated bullet match"]
[Site "204.178.125.65"]
[Date "2000.06.27"]
[Round "?"]
[White "Hossa"]
[Black "harimau"]
[Result "0-1"]
[WhiteElo "2535"]
[BlackElo "2840"]
[PlyCount "78"]
[EventDate "2000.??.??"]

1. e4 d5 2. exd5 Qxd5 3. Nc3 Qa5 4. d4 c6 5. Bc4 Bf5 6. Nf3 Nf6 7. O-O e6 8.
Bd2 Bb4 9. a3 Bxc3 10. Bxc3 Qc7 11. Nh4 Be4 12. Qd2 h6 13. b3 Nbd7 14. f3 Bh7
15. Rae1 g5 16. Ba5 Qd6 17. Bb4 c5 18. dxc5 Qxd2 19. Bxd2 gxh4 20. Bf4 Bxc2 21.
Rf2 Nh5 22. Bd6 Bf5 23. Rd2 Nhf6 24. Bb5 a6 25. Bc4 h3 26. g4 Bh7 27. Kf2 Rg8
28. Kg3 h5 29. Rd4 hxg4 30. fxg4 Bf5 31. Be2 Nxg4 32. Bxg4 Nf6 33. Kxh3 Nxg4
34. Kh4 O-O-O 35. Rd2 Ne3 36. h3 Rg7 37. Bf8 Rxf8 38. Rd8+ Rxd8 39. Rxe3 Rh8# {
Hossa checkmated} 0-1

[Event "ICS Rated standard match"]
[Site "204.178.125.65"]
[Date "2000.06.27"]
[Round "?"]
[White "Hossa"]
[Black "QueenMaxima"]
[Result "1-0"]
[WhiteElo "2276"]
[BlackElo "2385"]
[PlyCount "125"]
[EventDate "2000.??.??"]

1. e4 e5 2. Nf3 Nc6 3. Bc4 Nf6 4. d3 Bc5 5. O-O d6 6. Bg5 h6 7. Be3 O-O 8. Bxc5
dxc5 9. Nbd2 Qe7 10. c3 Rd8 11. Bb5 Bd7 12. Qe2 Nd4 13. Nxd4 cxd4 14. Bc4 dxc3
15. bxc3 b5 16. Bb3 a5 17. Nf3 a4 18. Bd1 Bg4 19. Qc2 Qd6 20. d4 Bxf3 21. Bxf3
exd4 22. e5 Qxe5 23. cxd4 Rxd4 24. Rfe1 Qf4 25. Bxa8 Rd2 26. Qc5 Ng4 27. g3
Qxf2+ 28. Qxf2 Nxf2 29. Bg2 f5 30. Rec1 Ne4 31. Rxc7 g6 32. a3 Kf8 33. Rb1 Rd5
34. g4 Re5 35. Rd1 Re7 36. Rxe7 Kxe7 37. Re1 Kf6 38. Bxe4 fxe4 39. Rxe4 Kg5 40.
Rb4 Kh4 41. Kg2 Kg5 42. Rxb5+ Kxg4 43. Ra5 Kf4 44. Rxa4+ Kf5 45. Rd4 Ke5 46.
Rh4 h5 47. Rxh5+ gxh5 48. Kg3 Kd4 49. Kh4 Ke4 50. Kxh5 Ke3 51. h4 Kd3 52. Kg6
Kc4 53. h5 Kc3 54. h6 Kb3 55. h7 Ka4 56. h8=Q Kb3 57. Qc8 Kb2 58. Kf5 Ka2 59.
Qb8 Kxa3 60. Ke5 Ka4 61. Kd4 Ka3 62. Kc3 Ka4 63. Qb4# 1-0